Veettilekkulla Kathukal: വീട്ടിലേക്കുള്ള കാതുകൾ (Record no. 227551)
[ view plain ]
| 000 -LEADER | |
|---|---|
| fixed length control field | 00680nam a22001817a 4500 |
| 005 - DATE AND TIME OF LATEST TRANSACTION | |
| control field | 20230616120453.0 |
| 008 - FIXED-LENGTH DATA ELEMENTS--GENERAL INFORMATION | |
| fixed length control field | 230616b ||||| |||| 00| 0 eng d |
| 040 ## - CATALOGING SOURCE | |
| Transcribing agency | AL |
| 041 ## - LANGUAGE CODE | |
| Language code of text/sound track or separate title | mal |
| 082 ## - DEWEY DECIMAL CLASSIFICATION NUMBER | |
| Edition number | 23 |
| Classification number | 894.8128 |
| Item number | PLAV |
| 100 ## - MAIN ENTRY--PERSONAL NAME | |
| Personal name | Silviya Plath: സിൽവിയ പലത് |
| 100 ## - MAIN ENTRY--PERSONAL NAME | |
| 9 (RLIN) | 124164 |
| 245 ## - TITLE STATEMENT | |
| Title | Veettilekkulla Kathukal: വീട്ടിലേക്കുള്ള കാതുകൾ |
| 260 ## - PUBLICATION, DISTRIBUTION, ETC. | |
| Place of publication, distribution, etc. | Kozhikode |
| Name of publisher, distributor, etc. | Olive Publications Pvt Ltd |
| Date of publication, distribution, etc. | 2005 |
| 300 ## - PHYSICAL DESCRIPTION | |
| Extent | 152p. |
| Other physical details | PB |
| Dimensions | 21x14cm. |
| 650 ## - SUBJECT ADDED ENTRY--TOPICAL TERM | |
| Topical term or geographic name entry element | Malayalam Letters: മലയാളം ലെറ്റേഴ്സ് |
| 9 (RLIN) | 124162 |
| 700 ## - ADDED ENTRY--PERSONAL NAME | |
| Personal name | PLATH (Sylvia): പലത് (സിൽവിയ) |
| 9 (RLIN) | 124163 |
| 942 ## - ADDED ENTRY ELEMENTS (KOHA) | |
| Source of classification or shelving scheme | Dewey Decimal Classification |
| Koha item type | Donated Books |
| Withdrawn status | Lost status | Source of classification or shelving scheme | Damaged status | Not for loan | Collection code | Home library | Current library | Date acquired | Total Checkouts | Full call number | Barcode | Date last seen | Price effective from | Koha item type | Public note |
|---|---|---|---|---|---|---|---|---|---|---|---|---|---|---|---|
| Dewey Decimal Classification | Others | St Aloysius Library | St Aloysius Library | 06/10/2023 | 894.8128 PLAV | D05783 | 06/16/2023 | 06/16/2023 | Donated Books | Donated by Sara Abubakkar |